भारतीय वीर पत्नींच्या कथा (Record no. 370202)
[ view plain ]
| 000 -LEADER | |
|---|---|
| fixed length control field | 02164 a2200169 4500 |
| 003 - CONTROL NUMBER IDENTIFIER | |
| control field | OSt |
| 005 - DATE AND TIME OF LATEST TRANSACTION | |
| control field | 20260206134712.0 |
| 008 - FIXED-LENGTH DATA ELEMENTS--GENERAL INFORMATION | |
| fixed length control field | 260206b |||||||| |||| 00| 0 eng d |
| 020 ## - INTERNATIONAL STANDARD BOOK NUMBER | |
| International Standard Book Number | 9788197237751 |
| 100 ## - MAIN ENTRY--PERSONAL NAME | |
| Personal name | पांडे स्व. |
| 9 (RLIN) | 216651 |
| 245 ## - TITLE STATEMENT | |
| Title | भारतीय वीर पत्नींच्या कथा |
| 260 ## - PUBLICATION, DISTRIBUTION, ETC. (IMPRINT) | |
| Name of publisher, distributor, etc. | भारतीय विचार साधना प्रकाशन |
| Date of publication, distribution, etc. | 2024 |
| Place of publication, distribution, etc. | पुणे |
| 300 ## - PHYSICAL DESCRIPTION | |
| Extent | 197pp. |
| 500 ## - GENERAL NOTE | |
| Keywords | सैनिकांची शक्ती: सीमेवर लढणाऱ्या सैनिकांच्या मागे या महिला खंबीरपणे उभी राहतात.<br/>त्याग आणि धैर्य: पतीच्या निधनानंतरही या महिलांनी आपले धैर्य न गमावता संकटांचा सामना केला.<br/>सत्यकथा: या पुस्तकात ७ सत्यकथांचा समावेश आहे, ज्या प्रेम आणि धैर्यावर आधारित आहेत.<br/>भंगलेली स्वप्ने: या कथा सैनिकांच्या कुटुंबाची भंगलेली स्वप्ने आणि त्यांच्या संघर्षाची कहाणी सांगतात. |
| 520 ## - SUMMARY, ETC. | |
| Summary, etc. | सैनिकांच्या मागे खंबीरपणे उभ्या राहणाऱ्या, त्याग आणि धैर्याची मूर्ती असलेल्या महिलांच्या सत्य कथा आहेत. स्वप्निल पांडे लिखित या पुस्तकात ७ वीरपत्नींच्या कथा आहेत, ज्या सैनिकांच्या निधनानंतरही देशासाठी खंबीरपणे उभ्या राहिल्या आणि त्यांचे प्रेम व त्याग दर्शवतात. |
| 942 ## - ADDED ENTRY ELEMENTS (KOHA) | |
| Koha item type | Books |
| Source of classification or shelving scheme | Dewey Decimal Classification |
| Withdrawn status | Lost status | Source of classification or shelving scheme | Damaged status | Not for loan | Collection code | Home library | Current library | Date acquired | Vendor | Cost, normal purchase price | Total Checkouts | Barcode | Date last seen | Cost, replacement price | Bill Date | Koha item type | Original Barcode |
|---|---|---|---|---|---|---|---|---|---|---|---|---|---|---|---|---|---|
| Dewey Decimal Classification | MCA | MKSSS s K.B. Joshi Institute of Information Technology Library | MKSSS s K.B. Joshi Institute of Information Technology Library | 03/02/2026 | 188 | 210.00 | KBJP-BK-3016 | 03/02/2026 | 300.00 | 03/02/2026 | Books | 3016 |